00553nam a22001097a 4500040000800000082002700008100001600035245025300051260002700304300002500331856008700356 cRUA aATM LOM 2009 B196 Or.1 aLOM, VANNA. aEffect of the number of ploughing by plow on mung bean's yield, ឥទ្ធិពលចំនួនសា នៃការភ្ជួរដោយនង្គ័លភ្នៀងលើទិន្នផលដំណាំសណ្ដែកបាយ a Phnom PenhbRUAc2009 ax; 48p.bill.c29cm. uhttps://drive.google.com/file/d/1O__EShSHAw7QGgFRCw8rk0wYUf3Qo3F2/view?usp=sharing